Countries Queen has visited - Statistics

General Stats
  • This quiz has been taken 62 times
  • The average score is 39 of 46
Answer Stats
Continent Country % Correct
North America Canada
100%
Asia/ Europe Russia
100%
South America Argentina
98%
Oceania Australia
98%
South America Brazil
98%
Europe France
98%
Europe Germany
98%
Asia Japan
98%
Europe Austria
96%
South America Chile
96%
Europe Portugal
96%
Europe Spain
96%
Europe Sweden
96%
Europe United Kingdom
96%
North America United States of America
96%
Europe Denmark
94%
Europe Finland
94%
North America Mexico
94%
Europe Norway
94%
Europe Switzerland
94%
Europe Belgium
92%
Asia China
92%
Europe Ireland
92%
Europe Italy
92%
Europe Poland
92%
Oceania New Zealand
90%
Europe the Netherlands
90%
Europe Hungary
88%
Europe Czech Republic
83%
Europe Estonia
79%
Africa South Africa
79%
Europe Bulgaria
77%
Europe Latvia
77%
Europe Ukraine
77%
Europe Croatia
75%
Europe Lithuania
75%
Europe Luxembourg
75%
Asia South Korea
75%
Europe Romania
73%
Europe Serbia
73%
Asia Israel
67%
Europe Slovenia
67%
South America Venezuela
67%
Asia Thailand
60%
Asia Taiwan
56%
Asia United Arab Emirates
52%
No matching quizzes found
Score Distribution
Percent of People with Each Score
Percentile by Number Answered
Your Score History
You have not taken this quiz